یہ صورت اگر کچھ خوابوں کے : (Record no. 108205)

MARC details
000 -LEADER
fixed length control field 00958nam a22002537a 4500
005 - DATE AND TIME OF LATEST TRANSACTION
control field 20170123162337.0
010 ## - LIBRARY OF CONGRESS CONTROL NUMBER
LC control number A-842145
020 ## - INTERNATIONAL STANDARD BOOK NUMBER
Terms of availability 66.00
035 ## - SYSTEM CONTROL NUMBER
System control number A-842145
037 ## - SOURCE OF ACQUISITION
Source of stock number/acquisition Cen Lib/Ret
040 ## - CATALOGING SOURCE
Original cataloging agency DPL
Language of cataloging UR
082 ## - DEWEY DECIMAL CLASSIFICATION NUMBER
Classification number 920
Item number ط ا ه
100 ## - MAIN ENTRY--PERSONAL NAME
Personal name طاہر مسعود
9 (RLIN) 124651
245 ## - TITLE STATEMENT
Title یہ صورت اگر کچھ خوابوں کے :
Statement of responsibility, etc طاہر مسعود
Remainder of title احد حاضر کے ١٧ اہم ضبدیوں کے انٹرویو انےخب /
246 ## - VARYING FORM OF TITLE
Title proper/short title Ye soorat agar kuch khwabon ke : ahad hazir ke 17 aham adbiyon ke interveiw intekhab /
Remainder of title by Tahir Masood
260 ## - PUBLICATION, DISTRIBUTION, ETC. (IMPRINT)
Place of publication, distribution, etc نیی دہلی
Name of publisher, distributor, etc نیی آواز
Date of publication, distribution, etc 1992
270 ## - ADDRESS
City نیی دہلی
Address جامہ نگر
Postal code 110025
300 ## - PHYSICAL DESCRIPTION
Extent 240p
Dimensions 21cm(Hb)
650 ## - SUBJECT ADDED ENTRY--TOPICAL TERM
Topical term or geographic name as entry element ادب -- اردو
9 (RLIN) 124652
650 ## - SUBJECT ADDED ENTRY--TOPICAL TERM
Topical term or geographic name as entry element اردو انٹرویو
9 (RLIN) 124653
650 ## - SUBJECT ADDED ENTRY--TOPICAL TERM
Topical term or geographic name as entry element Literature -- Urdu
9 (RLIN) 124654
650 ## - SUBJECT ADDED ENTRY--TOPICAL TERM
Topical term or geographic name as entry element Urdu interview
9 (RLIN) 124655
942 ## - ADDED ENTRY ELEMENTS (KOHA)
Source of classification or shelving scheme Dewey Decimal Classification
Koha item type Urdu Bks
Classification part 920
Call number suffix ط ا ه
Holdings
Withdrawn status Lost status Damaged status Not for loan Home library Current library Date acquired Source of acquisition Cost, normal purchase price Total Checkouts Full call number Barcode Date last seen Copy number Cost, replacement price Price effective from Koha item type
        Central Library Central Library 15/01/2016 Cen Lib/Ret 66.00   920 ط ا ه A-842145 15/01/2016 1 66.00 15/01/2016 Urdu Bks

© Delhi Public Library
Hit Counter
free hit counter